000 00805nam a22003017a 4500
001 0000082
003 KOHA_MİRAKIL
005 20260207001158.0
007 ta
008 081212b2006 tu |||gr||||#0|||0|tur |
020 _a9755917888
_c18,86
040 _aTR-BiSEU
_btur
_cTR-BiSEU
_erda
041 0 _atur
044 _ctu
050 _aQD39.3
_b.C43 2006
100 1 _aCebe, Mustafa.
245 1 _aKimyacılar için matematik/
_cMustafa Cebe ; Mustafa Cebe.
250 _a3.bs.
264 1 _aAnkara :
_bNobel Yayıncılık
_c2006
300 _a320 sayfa
336 _ametin
_btxt
_2rdacontent
337 _aaracısız
_bn
_2rdamedia
338 _acilt
_bnc
_2rdacarrier
650 0 _aChemistry--Mathematics.
_91735
650 0 _aKimya--Matematik.
_91736
907 _aKimya
942 _2lcc
_cBK
999 _c83
_d83